| 000 | 00517 a2200193 4500 | ||
|---|---|---|---|
| 005 | 20260417124954.0 | ||
| 008 | 260417b |||||||| |||| 00| 0 eng d | ||
| 020 |
_a9789332555365 _cRs. 910.00 |
||
| 040 | _aMAIN | ||
| 082 |
_a005.133 _bC472C(3) |
||
| 100 | _aChun, Wesley J | ||
| 245 | _aCore python: Applications programming | ||
| 250 | _a3rd | ||
| 260 |
_bPearson India Education _c2026 _aNoida |
||
| 300 | _axxx, 770 | ||
| 650 | _aComputer Science | ||
| 650 | _aComputer Programming Language | ||
| 942 | _cBK | ||
| 999 |
_c397197 _d397197 |
||